| 000 | 00742cas a22002055a 4500 | ||
|---|---|---|---|
| 001 | E145398 | ||
| 008 | 081003n xxkbr p 0 a0eng u | ||
| 035 | _a(Sirsi) u145398 | ||
| 041 | 0 | _aeng | |
| 110 | 2 |
_aScottish Agricultural College _93388 |
|
| 245 | 0 | 0 |
_aSAC News _h[electronic resource] |
| 260 |
_aEdinburgh _bScottish Agricultural College _c[199-?]- |
||
| 362 | 0 | _a8(4) July 1998-15(2) Royal Highland Show Edition 2005 | |
| 520 | _aSAC News now available as an e-newsletter: see www.sac.ac.uk. | ||
| 554 | _aSix per year | ||
| 651 | 4 |
_aScotland _y1999- |
|
| 690 | _aENVIRONMENTAL AND LAND CONSULTANCY-AGRIBUSINESS-AGRICULTURE | ||
| 856 | 4 | 0 |
_uhttps://www.sac.ac.uk/news/ _zView SAC News free of charge at www.sac.ac.uk... |
| 942 | _n0 | ||
| 999 |
_c119201 _d119201 |
||